000 00789nam a2200265 i 4500
001 C2-0342350
003 PPAK
005 20180728143740.0
008 170720s2017 my a|||| ||||| | eng d
020 _a9789670369716
040 _aPPAK
_beng
_cPPAK
_erda
082 0 4 _a823
_223
090 0 0 _a823
_bUMA
_dK
100 0 _aUma Vallicelli,
_d1970-
_eauthor
245 1 4 _aThe proud elephant
264 1 _aSubang Jaya, Selangor :
_bKensington Eduhauz Enterprise ,
_c2017
300 _a30 pages :
_bcolour illustrations ;
_c22 cm
336 _2rdacontent
_atext
337 _2rdamedia
_aunmediated
338 _2rdacarrier
_avolume
490 1 _aThe frenzy fox series
650 1 0 _aChildren's stories, English. ; Animal fiction.
830 0 _aThe frenzy fox series
942 _ddc
_cB
999 _c139264
_d139264